000
00394nam a22001097a 4500
040
_c
SY
082
_a
471
100
_a
មៀច សំអែល
245
_a
Quels metiers pour les economistes agricoles?, តើមានមុខរបរអ្វីខ្លះ សំរាប់អ្នកសេដ្ឋកិច្ចកសិកម្ម?
260
_a
RUA
_b
មៀច
_c
2001
942
_c
KB
999
_c
9740
_d
9740